[Event "Lichtenrader Autumn"]
[Site "Berlin GER"]
[Date "2011.10.08"]
[Round "1.4"]
[White "Kornath,H"]
[Black "Meijers,V"]
[Result "0-1"]
[WhiteElo "1901"]
[BlackElo "2471"]

1.e4 c5 2.Nf3 e6 3.d4 cxd4 4.Nxd4 a6 5.Bd3 Nf6 6.O-O Qc7 7.Qe2 b5 8.Bg5 Bb7
9.Nd2 Nc6 10.Nxc6 Qxc6 11.Bxf6 gxf6 12.f3 h5 13.a4 bxa4 14.Nc4 h4 15.Kh1 h3
16.g3 Rh5 17.Rfe1 Rc5 18.Ne3 f5 19.Qf1 fxe4 20.Bxe4 d5 21.Nxd5 Rxd5 22.c4 Rf5
23.Bxc6+ Bxc6 24.Re3 Bc5 25.Rae1 Rd8 26.Qxh3 Bxe3 27.Rxe3 Bxf3+ 28.Rxf3 Rxf3
29.Kg2 Rb3 30.Qh8+ Ke7 31.Qh4+ f6 32.Qh7+ Kd6 33.c5+ Kd5 34.Qc2 Rdb8 35.Qd2+ Kxc5
36.Qa5+ R3b5 37.Qxa4 Rxb2+ 38.Kg1 R8b6 39.Qa3+ Kd4 40.Qa4+ Kd3 41.Qd1+ Rd2
42.Qf1+ Kc2 43.Qc4+ Kb1 44.Qf1+ Kb2 45.Qxf6+ Ka2  0-1

[Event "TCh-BEL 2011-12"]
[Site "Belgium BEL"]
[Date "2011.10.09"]
[Round "1.1"]
[White "Guliyev,N"]
[Black "Landa,K"]
[Result "1/2-1/2"]
[WhiteElo "2554"]
[BlackElo "2639"]

1.e4 c5 2.Nf3 e6 3.d4 cxd4 4.Nxd4 a6 5.Bd3 Bc5 6.Nb3 Ba7 7.O-O Ne7 8.c4 Nbc6
9.Nc3 d6 10.Qe2 e5 11.Be3 O-O 12.Bxa7 Rxa7 13.Qe3 Be6 14.Rfd1 Qb8 15.Rac1 Rd8
16.Bf1 h6 17.Rd2 b5 18.cxb5 axb5 19.Bxb5 Nb4 20.a3 Bxb3 21.axb4 Rb7 22.Ra1 Qc7
23.Bf1 Bc4 24.Bxc4 Qxc4 25.b5 f5 26.Rad1 Rbd7 27.Qb6 Qb4 28.f3 Kh7 29.h3 Nc8
30.Qf2 Ne7 31.Kh1 fxe4 32.fxe4 Ng6 33.Qf5 Qc4 34.Rd5 Qc7 35.b6 Qc6 36.Rb5 Rb7
37.Rd3 Rf8 38.Qg4 Rf4 39.Qd1 Rf6 40.Qb3 Nf4 41.Rf3 Rg6 42.Rf1 Rg3 43.Rxf4 exf4
44.Qd5 Qxd5 45.Nxd5 f3 46.gxf3 Rxf3 47.Kg2 Rf8 48.Ne3 Rbf7 49.Rb3 Rf2+ 50.Kg1 R2f4
51.b7 Rxe4 52.Nf5 Rb8 53.Nxd6 Re6 54.Nc4 Rc6 55.Rb4 Rc7 56.Na5 Rc2 57.Kf1 Rc5
58.Nc4 g5 59.Ke2 h5 60.b3 Rf5 61.Rb6 g4 62.hxg4 hxg4 63.Ne3 Rg5 64.Kf2 g3+
65.Kg2 Rg7 66.Nf5 Rgxb7 67.Rxb7+ Rxb7 68.Kxg3 Rxb3+ 69.Kf4 Kg6 70.Ng3 Rb4+
71.Ke5 Kf7 72.Kd5 Rb5+ 73.Kd6 Rb4 74.Kd5  1/2-1/2

[Event "II Oliver Gonzalez Memorial"]
[Site "Madrid ESP"]
[Date "2011.10.10"]
[Round "3.4"]
[White "Madina Yadarola,M1"]
[Black "Anton Guijarro,D"]
[Result "1/2-1/2"]
[WhiteElo "2269"]
[BlackElo "2462"]

1.e4 c5 2.Nf3 e6 3.d4 cxd4 4.Nxd4 a6 5.Bd3 Bc5 6.Nb3 Ba7 7.O-O Nc6 8.Qe2 d6
9.Be3 Nf6 10.c4 Bxe3 11.Qxe3 Ne5 12.Nc3 O-O 13.h3 Qe7 14.Be2 Ng6 15.f4 e5
16.f5 Nf4 17.g3 Nxe2+ 18.Qxe2 b5 19.Nd5 Nxd5 20.cxd5 Qg5 21.Rf3 g6 22.Raf1 a5
23.R1f2 a4 24.Nd2 Ba6 25.Nf1 b4 26.Qe3 Qxe3 27.Nxe3 g5 28.Nc2 Rab8 29.a3 b3
30.Nb4 Bb5 31.Rc3 Rfc8 32.Rff3 h5 33.h4 gxh4 34.gxh4 Kg7 35.f6+ Kg6 36.Nc6 Bxc6
37.dxc6 Rb6 38.Rf5 Rbxc6 39.Rg3+ Kh6 40.Rgg5 Rc1+ 41.Kf2 R8c2+ 42.Ke3 Re1+
43.Kd3 Rd1+  1/2-1/2

[Event "20th TCh-CRO 1a"]
[Site "Sibenik CRO"]
[Date "2011.10.10"]
[Round "7.2"]
[White "Filippov,An UZB"]
[Black "Sax,G"]
[Result "1-0"]
[WhiteElo "2606"]
[BlackElo "2492"]

1.e4 c5 2.Nf3 e6 3.d4 cxd4 4.Nxd4 a6 5.Bd3 Qb6 6.Nf3 Nc6 7.O-O Qc7 8.c4 Nf6
9.h3 Be7 10.Nc3 O-O 11.Be3 d6 12.Rc1 Nb8 13.Bf4 Nbd7 14.Qe2 b6 15.e5 dxe5
16.Nxe5 Bd6 17.Nxd7 Bxd7 18.Bg5 Bf4 19.Bxf6 gxf6 20.Rcd1 Rad8 21.Qh5 f5 22.Bxf5 exf5
23.Nd5 Qe5 24.Rfe1 Qxb2 25.Nxf4 Kh8 26.Qh4 Qg7 27.Re3 Rg8 28.Rg3  1-0

[Event "20th TCh-CRO 1a"]
[Site "Sibenik CRO"]
[Date "2011.10.11"]
[Round "8.3"]
[White "Zivkovic,Vj"]
[Black "Hulak,K"]
[Result "1-0"]
[WhiteElo "2379"]
[BlackElo "2486"]

1.e4 c5 2.Nf3 e6 3.d4 cxd4 4.Nxd4 a6 5.Bd3 Bc5 6.Nb3 Be7 7.Be3 d6 8.f4 Nf6
9.N1d2 Nc6 10.Qe2 O-O 11.O-O-O b5 12.g4 Nd7 13.Kb1 Bb7 14.Rhg1 Nb4 15.g5 Re8
16.h4 Bf8 17.h5 Nc5 18.Rg3 Qc7 19.Rc1 Rac8 20.a3 Nbxd3 21.cxd3 Qe7 22.Nxc5 dxc5
23.g6 Red8 24.Rcg1 hxg6 25.hxg6 fxg6 26.Rxg6 Rd7 27.Qh5 Qe8 28.Nf3  1-0

[Event "20th TCh-CRO 1b"]
[Site "Sibenik CRO"]
[Date "2011.10.12"]
[Round "9.2"]
[White "Smith,Bry"]
[Black "Plenca,J"]
[Result "1/2-1/2"]
[WhiteElo "2497"]
[BlackElo "2334"]

1.e4 c5 2.Nf3 e6 3.d4 cxd4 4.Nxd4 a6 5.Bd3 Nf6 6.Qe2 d6 7.f4 g6 8.Nc3 Bg7
9.Nf3 Nc6 10.O-O O-O 11.Kh1 b5 12.f5 b4 13.Nd1 exf5 14.exf5 Re8 15.Qf2 Ng4
16.Qg3 Nge5 17.Bg5 Qa5 18.Ne3 Nxd3 19.cxd3 Bxf5 20.Nc4 Qc7 21.Nxd6 Bxd3 22.Bf4 Re6
23.Nf5 Qa5 24.Nxg7 Kxg7 25.Rfc1 f6 26.Bh6+ Kg8 27.Rxc6 Rxc6 28.Nd4 Be4 29.Nxc6 Bxc6
30.Rd1 Re8 31.h3 Qe5 32.Qxe5 fxe5 33.Rd6 Bb5 34.Kg1 Kf7 35.Bd2 Rc8 36.Bxb4 Rc2  1/2-1/2

[Event "20th TCh-CRO 1a"]
[Site "Sibenik CRO"]
[Date "2011.10.12"]
[Round "9.1"]
[White "Palac,M"]
[Black "Sax,G"]
[Result "1/2-1/2"]
[WhiteElo "2591"]
[BlackElo "2492"]

1.e4 c5 2.Nf3 e6 3.d4 cxd4 4.Nxd4 a6 5.Bd3 Nf6 6.O-O e5 7.Bg5 d6 8.Ne2 Be7
9.Bxf6 Bxf6 10.Bc4 O-O 11.Nbc3 Be6 12.Qd3 Nc6 13.Bb3 Nb4 14.Qf3 Rc8 15.Rfd1 Bg5
16.a3 Nc6  1/2-1/2

[Event "Indonesia Open"]
[Site "Jakarta INA"]
[Date "2011.10.13"]
[Round "1.23"]
[White "Farid,F"]
[Black "Dao Thien Hai"]
[Result "0-1"]
[WhiteElo "2241"]
[BlackElo "2493"]

1.e4 c5 2.Nf3 e6 3.d4 cxd4 4.Nxd4 a6 5.Bd3 Nc6 6.Nxc6 bxc6 7.O-O d5 8.Nc3 Nf6
9.Qf3 Be7 10.Rd1 O-O 11.Bg5 Nd7 12.Bf4 Bb7 13.Qg3 Bh4 14.Qh3 g6 15.Na4 Bg5
16.Qg3 Bxf4 17.Qxf4 e5 18.Qg3 Qe7 19.b3 Kh8 20.f4 d4 21.Rf1 f6 22.f5 Rg8
23.Bc4 gxf5 24.Bxg8 Rxg8 25.Qh3 fxe4 26.Rf5 c5 27.Raf1 e3 28.g3 Be4  0-1

[Event "ch-UKR w 2011"]
[Site "Poltava UKR"]
[Date "2011.10.13"]
[Round "7.12"]
[White "Myronenko,Natalya"]
[Black "Bakuta,N"]
[Result "1-0"]
[WhiteElo "1928"]
[BlackElo "1794"]

1.e4 c5 2.Nf3 e6 3.d4 cxd4 4.Nxd4 a6 5.Bd3 Bc5 6.Nb3 Bb6 7.O-O Ne7 8.c4 d6
9.Kh1 e5 10.Nc3 Be6 11.f4 exf4 12.Bxf4 Nbc6 13.Nd5 Bxd5 14.exd5 Nb4 15.Be2 a5
16.a3 Na6 17.Nd4 O-O 18.Nb5 Bc5 19.Rb1 Ng6 20.Bg3 Ne5 21.Qd2 Re8 22.Bd3 Qb6
23.Qc2 g6 24.Be2 Rac8 25.Rf6 Re7 26.Rbf1 Rce8 27.Bd1 Rf8 28.h3 Nb8 29.Bf2 Rd8
30.Bxc5 Qxc5 31.Be2 Na6 32.b3 Nc7 33.a4 Nxd5 34.Rxd6 Rxd6 35.Nxd6 Ne3 36.Ne4 Qc7
37.Nf6+ Kg7 38.Qc3 Nxf1 39.Nd5 Qc5 40.Nxe7 Ne3 41.Bf3 f6 42.Nd5 Nf5 43.Be4 Nd6
44.Bf3 Qf2 45.Qe3 Qg3 46.Qf4 Qe1+ 47.Kh2 Nf5 48.Bg4 Nxg4+ 49.Qxg4 h5 50.Qf4 Qe5
51.Qxe5 fxe5 52.b4 axb4 53.Nxb4 h4 54.Kg1 Kf6 55.Nd3 Nd6 56.Nc5 e4 57.a5 Ke5
58.Nxb7 Nxc4 59.a6 Kf4 60.a7 Nb6 61.Nd6 e3 62.Nc4 Na8 63.Kf1 g5 64.Ke2 Kg3
65.Nxe3 Nb6 66.Kd3 Kf2 67.Ke4 Ke2 68.Nd5 Na8 69.Kf5 Kf2 70.Kxg5  1-0

[Event "49th ch-IND NatA"]
[Site "Aurangabad IND"]
[Date "2011.10.15"]
[Round "7"]
[White "Himanshu,Sh"]
[Black "Swathi,G"]
[Result "1-0"]
[WhiteElo "2421"]
[BlackElo "2278"]

1.e4 c5 2.Nf3 e6 3.d4 cxd4 4.Nxd4 a6 5.Bd3 Bc5 6.Nb3 Be7 7.O-O d6 8.c4 Nf6
9.Nc3 Qc7 10.Be3 b6 11.Rc1 Nbd7 12.f4 Bb7 13.Bb1 Rc8 14.Nd2 O-O 15.g4 g6
16.g5 Nh5 17.Qg4 Rfe8 18.b3 Qb8 19.Ne2 Rcd8 20.Ng3 Nxg3 21.Qxg3 d5 22.cxd5 exd5
23.e5 Bc5 24.h4 Ba8 25.h5 d4 26.Bf2 Nxe5 27.fxe5 Qxe5 28.Rfe1 Qxg3+ 29.Bxg3 d3+
30.Bf2 Bb4 31.Rxe8+ Rxe8 32.Re1 Rd8 33.Rd1 b5 34.hxg6 fxg6 35.Be3 Bb7 36.Kf2 Rf8+
37.Kg3 Bd6+ 38.Kh4 Re8 39.Nf1 Re4+ 40.Kh3 Bc8+ 41.Kg2 Rg4+ 42.Kf3  1-0

[Event "XXIX Balaton Open A"]
[Site "Heviz HUN"]
[Date "2011.10.18"]
[Round "1"]
[White "Chernyshova,N"]
[Black "Gyorkos,L"]
[Result "0-1"]
[WhiteElo "2035"]
[BlackElo "2395"]

1.e4 c5 2.Nf3 e6 3.d4 cxd4 4.Nxd4 a6 5.Bd3 Bc5 6.Nb3 Ba7 7.Qe2 Ne7 8.Nc3 b5
9.Be3 Nbc6 10.Bxa7 Rxa7 11.e5 Qc7 12.f4 d6 13.exd6 Qxd6 14.O-O Rd7 15.Rad1 Nb4
16.Bxb5 Qb6+ 17.Kh1 axb5 18.Qxb5 Qxb5 19.Nxb5 O-O 20.c3 Nbd5 21.Nc5 Rdd8
22.Rd3 Nb6 23.Rfd1 Rd5 24.Rxd5 exd5 25.a4 Nd7 26.Nd3 Ba6 27.Nb4 Bxb5 28.axb5 Nb6
29.Ra1 Re8  0-1

[Event "ch-CRC 2011"]
[Site "San Jose CRC"]
[Date "2011.10.19"]
[Round "2"]
[White "Arias Santana,M"]
[Black "Alfaro Rojas,A"]
[Result "1/2-1/2"]
[WhiteElo "2327"]
[BlackElo "2239"]

1.e4 c5 2.Nf3 e6 3.d4 cxd4 4.Nxd4 a6 5.Bd3 Bc5 6.Nb3 Ba7 7.Qe2 Nc6 8.Be3 Bxe3
9.Qxe3 Nge7 10.N1d2 Qc7 11.O-O e5 12.c4 d6 13.Rac1 O-O 14.Rfe1 Be6 15.Nb1 Na5
16.N3d2 Qc5 17.Qg3 Rac8 18.Nc3 Qb4 19.Rc2 Nxc4 20.a3 Qa5 21.Nxc4 Bxc4 22.Bxc4 Rxc4
23.Rd1 Nc6 24.h4 Nd4 25.Rcd2 f5 26.h5 Qd8 27.h6 Rf7 28.exf5 Qf6 29.Nd5 Qxh6
30.Qd3 Rc6 31.Ne3 Qf4 32.Qf1 g6 33.fxg6 hxg6 34.Qd3 Qg5 35.Kf1 Rh7 36.g3 Rh2
37.Qe4 Qh5 38.Rxd4 exd4 39.Qe8+ Kg7 40.Qe7+ Kg8 41.Qe8+ Kg7 42.Qe7+ Kg8  1/2-1/2

[Event "1st Central Asia Cup"]
[Site "Tashkent UZB"]
[Date "2011.10.20"]
[Round "3.5"]
[White "Aitbayev,A"]
[Black "Gubaydulin,T"]
[Result "0-1"]
[WhiteElo "2391"]
[BlackElo "2299"]

1.e4 c5 2.Nf3 e6 3.d4 cxd4 4.Nxd4 a6 5.Bd3 Nf6 6.O-O Qc7 7.Kh1 d5 8.exd5 Nxd5
9.f4 g6 10.Qf3 Bg7 11.c3 O-O 12.f5 Nd7 13.Be4 N7f6 14.Bxd5 Nxd5 15.Bg5 h6
16.Bh4 g5 17.Bf2 Qf4 18.Qd3 exf5 19.Nd2 Rd8 20.Rae1 Qg4 21.Qc2 Nf4 22.Bg3 Nxg2
23.Kxg2 f4 24.Ne4 fxg3 25.Nxg3 Bxd4 26.cxd4 Be6 27.Rf6 Rac8 28.Rg6+ Kh7  0-1

[Event "26th Reinis Open"]
[Site "Spijkenisse NED"]
[Date "2011.10.22"]
[Round "1.1"]
[White "De Wilde,R"]
[Black "Van Wely,L"]
[Result "0-1"]
[WhiteElo "2008"]
[BlackElo "2689"]

1.e4 c5 2.Nf3 e6 3.d4 cxd4 4.Nxd4 a6 5.Bd3 Bc5 6.Nb3 Be7 7.Nc3 Nc6 8.Be3 b5
9.O-O d6 10.f4 Bb7 11.Qf3 Nb4 12.Qg3 g6 13.Nd4 Nf6 14.Rae1 d5 15.e5 Ne4 16.Bxe4 dxe4
17.Qh3 Qc7 18.f5 gxf5 19.Nxf5 exf5 20.Qxf5 Qc4 21.Rd1 Qe6 22.Qf4 Nxc2 23.Nxe4 Rg8
24.h3 Nxe3 25.Qxe3 Qxe5 26.Qf3 f5 27.Nf6+ Qxf6 28.Qxb7 Rd8 29.Rxd8+ Bxd8
30.Re1+ Be7 31.Qa8+ Kf7 32.Qd5+ Kg7 33.Qd7 Kf7 34.Qd5+ Kf8 35.Qa8+ Kg7 36.Qb7 Re8
37.Qd7 Kf8 38.Rf1 f4  0-1

[Event "1st Central Asia Cup"]
[Site "Tashkent UZB"]
[Date "2011.10.22"]
[Round "5.17"]
[White "Tokhirjanova,H"]
[Black "Vladimirov,V UZB"]
[Result "1-0"]
[WhiteElo "2144"]
[BlackElo "2208"]

1.e4 c5 2.Nf3 e6 3.d4 cxd4 4.Nxd4 a6 5.Bd3 Nf6 6.Qe2 Qc7 7.Nc3 b5 8.a3 Bb7
9.O-O Nc6 10.Nf3 Ng4 11.g3 Bc5 12.b4 Ba7 13.Bf4 Nge5 14.Rad1 Nd4 15.Nxd4 Bxd4
16.Nb1 Bb6 17.Nd2 h5 18.c4 h4 19.cxb5 hxg3 20.Bxg3 axb5 21.Nb1 f5 22.Bxb5 Bxe4
23.Rxd7 Nxd7 24.Bxc7 Bxc7 25.f3 Rxh2 26.Qc4 Rc2 27.Qxe6+ Kf8 28.fxe4 Nf6
29.e5 Rb8 30.exf6 gxf6 31.Qxf6+ Kg8 32.Qg6+ Kh8  1-0

[Event "TCh-BEL 2011-12"]
[Site "Belgium BEL"]
[Date "2011.10.23"]
[Round "2.3"]
[White "Erwich,M"]
[Black "Dambacher,M"]
[Result "1/2-1/2"]
[WhiteElo "2422"]
[BlackElo "2496"]

1.e4 c5 2.Nf3 e6 3.d4 cxd4 4.Nxd4 a6 5.Bd3 Bc5 6.Nb3 Be7 7.Qg4 g6 8.f4 d6
9.Nc3 Nf6 10.Qf3 Qc7 11.g4 b5 12.a3 Bb7 13.g5 Nfd7 14.h4 Nc6 15.h5 O-O-O
16.Be3 Nc5 17.Qh3 Kb8 18.hxg6 fxg6 19.O-O-O Nxb3+ 20.cxb3 d5 21.exd5 exd5
22.Bd2 d4 23.Ne4 Bc8 24.Qg3 Nb4+ 25.Kb1 Nxd3 26.Qxd3 Bf5 27.Ka2 Rhe8 28.Rhe1 Bf8
29.Qf3 Qb7 30.Ba5 Bxe4 31.Rxe4 Qxe4 32.Qxe4 Rxe4 33.Bxd8 Rxf4 34.Bf6 Kc8
35.Bxd4 Be7 36.Be3 Re4 37.Bc1 Re5 38.Rh1 Bxg5 39.Bxg5 Rxg5 40.Rxh7 Rd5 41.Rg7 g5
42.b4 Kd8 43.a4 bxa4 44.Ka3 a5  1/2-1/2

[Event "29th Muensterland Open"]
[Site "Senden GER"]
[Date "2011.10.23"]
[Round "4.9"]
[White "Pienski,O"]
[Black "Lehmann,Ho"]
[Result "1/2-1/2"]
[WhiteElo "2090"]
[BlackElo "2187"]

1.e4 c5 2.Nf3 e6 3.d4 cxd4 4.Nxd4 a6 5.Bd3 Qc7 6.O-O Nf6 7.Qe2 d6 8.Kh1 Nbd7
9.Nc3 Be7 10.f4 b6 11.Bd2 Bb7 12.Rae1 Nc5 13.b4 Nxd3 14.Qxd3  1/2-1/2

[Event "TCh-SVK Extraliga 2011-12"]
[Site "Slovakia SVK"]
[Date "2011.10.23"]
[Round "2"]
[White "Manik,M"]
[Black "Vovk,Y"]
[Result "1-0"]
[WhiteElo "2405"]
[BlackElo "2577"]

1.e4 c5 2.Nf3 e6 3.d4 cxd4 4.Nxd4 a6 5.Bd3 Bc5 6.Nb3 Be7 7.Be3 Nf6 8.N1d2 Nc6
9.f4 b5 10.a4 bxa4 11.Rxa4 O-O 12.O-O Qc7 13.c3 d5 14.e5 Nd7 15.Qe2 a5 16.Rfa1 Nb6
17.R4a2 a4 18.Qf2 axb3 19.Rxa8 Nxa8 20.Rxa8 Qb7 21.Ra1 Bd7 22.Bc5 Bxc5 23.Qxc5 f6
24.Bxh7+ Kf7 25.Bd3 Rh8 26.exf6 gxf6 27.Ra3 Qc7 28.g3 e5 29.fxe5 Qxe5 30.Nf3 Qh5
31.Qf2 Rb8 32.Ra4 Bg4 33.Nd4 Nxd4 34.Ra7+ Kg8 35.Qxd4 Qg5 36.h4 Qc1+ 37.Bf1 Be2
38.Qxd5+ Kh8 39.Qf5 Qe3+ 40.Qf2 Qxf2+ 41.Kxf2 Bd1 42.c4 Rc8 43.Ke3 Re8+ 44.Kf2 Rd8
45.c5 Rd5 46.c6 Rc5 47.c7 Bg4 48.Ba6 Ra5 49.Ra8+ Kg7 50.Bb7 Ra2 51.c8=Q Bxc8
52.Rxc8 Rxb2+ 53.Ke3 Rb1 54.Rc7+ Kh8 55.Rh7+ Kg8 56.Bd5+ Kf8 57.Rb7 b2 58.Ba2 Rg1
59.Kf2  1-0

[Event "1st Central Asia Cup"]
[Site "Tashkent UZB"]
[Date "2011.10.23"]
[Round "6.19"]
[White "Ainutdinova,Y"]
[Black "Tillyaev,U"]
[Result "0-1"]
[WhiteElo "2067"]
[BlackElo "2272"]

1.e4 c5 2.Nf3 e6 3.d4 cxd4 4.Nxd4 a6 5.Bd3 Nc6 6.Nxc6 dxc6 7.Nd2 e5 8.Nc4 Nf6
9.O-O Bg4 10.f3 Be6 11.Be3 Nd7 12.Be2 Bxc4 13.Bxc4 Bc5 14.Bxc5 Nxc5 15.Rf2 O-O
16.Qe1 Qd4 17.b3 Rad8 18.a4 b5 19.Bf1 Rd7 20.g3 Rfd8 21.Bh3 Qxa1 22.Qxa1 Rd1+
23.Rf1 Rxa1 24.Rxa1 Kf8 25.axb5 axb5 26.b4 Na4 27.c4 bxc4 28.Kf2 c3 29.Bf1 c2
30.Rc1 Rd2+ 31.Ke3 Rd1 32.Rxc2 Rxf1 33.Rxc6 Rb1 34.Rc8+ Ke7 35.Rh8 Rb3+  0-1

[Event "World Youth U16 Ol"]
[Site "Kocaeli TUR"]
[Date "2011.10.25"]
[Round "2.15"]
[White "Eliseev,U"]
[Black "Kowsarinia,A"]
[Result "1-0"]
[WhiteElo "2441"]
[BlackElo "2233"]

1.e4 c5 2.Nf3 e6 3.d4 cxd4 4.Nxd4 a6 5.Bd3 Bc5 6.Nb3 Ba7 7.O-O Nc6 8.Qg4 Nf6
9.Qg3 d6 10.Nc3 O-O 11.Kh1 b5 12.Bg5 Kh8 13.f4 Qc7 14.e5 Ne8 15.exd6 Qd7
16.f5 Qxd6 17.Be4 Qxg3 18.hxg3 Bb7 19.fxe6 f6 20.Rad1 Nc7 21.Bf4 Nxe6 22.Rd7 f5
23.Bd5 Nxf4 24.gxf4 Rab8 25.Re1 Rf6 26.g3 Ba8 27.Kh2 Bb6 28.Re6 Rxe6 29.Bxe6 Re8
30.Bxf5 g6 31.Be4 Nb8 32.Rd6 Bc7 33.Rd4 Nc6 34.Rd7 b4 35.Rxc7 bxc3 36.bxc3 Rxe4
37.Rc8+ Kg7 38.Rxa8 Ra4 39.Nc5 Rxa2 40.Rxa6 Rxc2+ 41.Kh3 Nd8 42.Ra7+ Kh6
43.Ne4 g5 44.Rd7 Re2 45.Nxg5  1-0

[Event "ch-CRC 2011"]
[Site "San Jose CRC"]
[Date "2011.10.25"]
[Round "8"]
[White "Duran Vega,S"]
[Black "Alfaro Rojas,A"]
[Result "1/2-1/2"]
[WhiteElo "2211"]
[BlackElo "2239"]

1.e4 c5 2.Nf3 e6 3.d4 cxd4 4.Nxd4 a6 5.Bd3 Bc5 6.Nb3 Ba7 7.O-O Nc6 8.Qg4 g6
9.Qg3 Nf6 10.Bg5 h6 11.Qh4 hxg5 12.Qxh8+ Ke7 13.Qh6 g4 14.Qg5 Qc7 15.Nc3 Ne5
16.Nd2 d6 17.Kh1 Bd7 18.Be2 Rh8 19.f3 Rh5 20.Qf4 g5 21.Qg3 Qc5 22.fxg4 Rh6
23.h3 b5 24.a3 Bc6 25.Rad1 Qe3 26.Qxe3 Bxe3 27.Rxf6 Rxf6 28.Nf1 Bb6 29.Nh2 Rh6
30.Nf1 Rh8 31.Kh2 Rc8 32.Bd3 Bb7 33.Nd2 Bf2 34.Nf3 Nxg4+ 35.Kh1 Ne5 36.Nxg5 Bh4
37.Nf3 Nxf3 38.gxf3 f5 39.Rf1 Bf6 40.exf5 Bxc3 41.bxc3 e5 42.Kg2 Kf6 43.Kf2 d5
44.a4 Rxc3 45.axb5 axb5 46.Rb1 Bc6 47.h4 e4 48.fxe4 dxe4 49.Bxb5 Kxf5 50.Bxc6 Rxc2+
51.Ke3 Rxc6 52.Rb5+ Kg4 53.Kxe4 Re6+ 54.Kd5 Rh6 55.Rb4+ Kh3 56.Ke5 Rxh4 57.Rxh4+ Kxh4  1/2-1/2

[Event "29th Muensterland Open"]
[Site "Senden GER"]
[Date "2011.10.25"]
[Round "6.7"]
[White "Pienski,O"]
[Black "Rueberg,J"]
[Result "1/2-1/2"]
[WhiteElo "2090"]
[BlackElo "2162"]

1.e4 c5 2.Nf3 e6 3.d4 cxd4 4.Nxd4 a6 5.Bd3 Nf6 6.Qe2 d6 7.O-O Qc7 8.Nc3 Be7
9.Kh1 Bd7 10.f4 e5 11.fxe5 dxe5 12.Nf5 Bxf5 13.Rxf5 Nbd7 14.Bc4 Rc8 15.Bb3 Nc5
16.Bg5 Nxb3 17.cxb3 O-O 18.Raf1 Qd6 19.Qf3 Nd7  1/2-1/2

[Event "World Youth U16 Ol"]
[Site "Kocaeli TUR"]
[Date "2011.10.26"]
[Round "4.14"]
[White "Akhmetov,Ay"]
[Black "Kraus,To"]
[Result "1-0"]
[WhiteElo "2158"]
[BlackElo "2197"]

1.e4 c5 2.Nf3 e6 3.d4 cxd4 4.Nxd4 a6 5.Bd3 Qc7 6.O-O Nc6 7.Nb3 Nf6 8.f4 d6
9.Qe2 Be7 10.Be3 h5 11.Kh1 Ng4 12.Bg1 b6 13.N1d2 Nb4 14.a3 Nxd3 15.cxd3 Bb7
16.Rac1 Qd8 17.Nc4 b5 18.Nca5 Qd7 19.Nxb7 Qxb7 20.h3 Nf6 21.Na5 Qd7 22.Bb6 Bd8
23.Bxd8 Qxd8 24.b4 h4 25.Qe3 O-O 26.Rc6 Qd7 27.Rfc1 Rfc8 28.Qb6 d5 29.Rc7 dxe4
30.Qb7 Rxc7 31.Rxc7 Qd5 32.Nc6 Re8 33.Rxf7 Nh5 34.Ne7+ Rxe7 35.Qxe7 Qd4 36.Rf8+ Kh7
37.Qxh4 g6 38.Rd8 Qf6 39.Qxf6  1-0

[Event "World Youth U16 Ol"]
[Site "Kocaeli TUR"]
[Date "2011.10.26"]
[Round "5.15"]
[White "Cizinsky,P"]
[Black "Antonio,V"]
[Result "1-0"]
[WhiteElo "2178"]
[BlackElo "2245"]

1.e4 c5 2.Nf3 e6 3.d4 cxd4 4.Nxd4 a6 5.Bd3 Qc7 6.Nc3 b5 7.O-O Bb7 8.Qe2 Nf6
9.Bg5 b4 10.Nd5 Nxd5 11.exd5 Bxd5 12.Nf5 Qb7 13.Rfe1 Nc6 14.Ne3 Be7 15.Nxd5 Bxg5
16.Bxa6 Rxa6 17.Qxa6 Qxa6 18.Nc7+ Ke7 19.Nxa6 Bf6 20.Rab1 Ra8 21.Nc5 Rxa2
22.Nd3 Ra8 23.Nc5 Ra2 24.Nd3 Ra5 25.Kf1 Rb5 26.Ke2 d5 27.Kd2 Kd6 28.f4 g5
29.g3 gxf4 30.gxf4 Na5 31.Ra1 Bd4 32.Kc1 f6 33.Kb1 e5 34.fxe5+ fxe5 35.Ra4 Nc6
36.Rf1 e4 37.Nc1 Na5 38.Rxa5 Rxa5 39.Nb3 Ra6 40.Nxd4 Ke5 41.Ne2 Rh6 42.Rf2 Ra6
43.Rf1 Rh6 44.Rf2 b3 45.c3 e3 46.Rf3 Ke4 47.Rf4+ Ke5 48.h4 Rg6 49.Rf8 Ke4
50.Re8+ Kf3 51.Nd4+ Kf2 52.Rf8+ Kg2 53.Kc1 Kh3 54.Rf3+ Kxh4 55.Rxe3 Rg1+
56.Kd2 Rb1 57.Re5 Rxb2+ 58.Kc1 Rg2 59.Rxd5 b2+ 60.Kb1 h5 61.Nf5+ Kh3 62.Ne3 Rg1+
63.Kxb2 h4 64.Nf5 Kg4 65.Nxh4 Kxh4 66.Rf5 Rg8 67.c4 Kg4 68.Rf7 Kg5 69.Kc3 Kg6
70.Rf1 Rc8 71.Kd4 Rd8+ 72.Ke5 Rc8 73.Kd5 Rd8+ 74.Ke6 Rc8 75.Rg1+ Kh6 76.Rc1 Kg6
77.c5 Re8+ 78.Kd6 Re2 79.c6 Rd2+ 80.Kc5  1-0

[Event "1st Central Asia Cup"]
[Site "Tashkent UZB"]
[Date "2011.10.26"]
[Round "9.17"]
[White "Davletbayeva,M"]
[Black "Ismailov,M"]
[Result "0-1"]
[WhiteElo "2240"]
[BlackElo "2107"]

1.e4 c5 2.Nf3 e6 3.d4 cxd4 4.Nxd4 a6 5.Bd3 Qc7 6.O-O Nf6 7.Qe2 h5 8.h3 Bc5
9.Nb3 Ba7 10.Be3 Nc6 11.Bxa7 Rxa7 12.f4 d6 13.N1d2 e5 14.Nc4 b5 15.Ne3 Qb6
16.Kh1 exf4 17.Rxf4 Ne5 18.Raf1 Be6 19.c3 h4 20.Kh2 Ng6 21.R4f2 Nh5 22.Nd5 Bxd5
23.exd5+ Ne5 24.Re1 Re7 25.Nd4 Nf6 26.Qd2 Kf8 27.Ref1 Nxd5 28.Nf5 Re6 29.Bc2 Ne7
30.Nd4 Reh6 31.Rxf7+ Nxf7 32.Qf2 Ke8 33.Qxf7+ Kd8 34.Ne6+ Rxe6 35.Qxe6 Re8
36.Rf7 Qc5 37.Qe4 g5 38.Qa8+ Nc8 39.Rf1 g4 40.hxg4 Qe5+ 41.Kg1 Qe3+ 42.Kh2 Qe5+
43.Kg1 Qe3+ 44.Rf2 Qc1+ 45.Kh2 Re1 46.g3 Qe3 47.Rf8+ Ke7 48.Qb7+ Kxf8 49.Qxc8+ Qe8
50.Qf5+ Qf7 51.gxh4 Qxf5 52.Bxf5 Re2+ 53.Kg3 Rxb2 54.Be6 Re2 55.Bb3 a5 56.g5 a4
57.Bd5 Rd2 58.Be6 Re2 59.Bd5 Rd2 60.Be6 a3 61.h5 Re2 62.Bb3 Rb2 63.Bd5 Rd2
64.Be6 Re2 65.Bb3 b4 66.h6 Rd2 67.Be6 Re2 68.Bb3 Rb2 69.Bd5 Rd2 70.Be6 Re2
71.Bb3 Rd2 72.Be6 Re2 73.Bb3 d5 74.g6 Rd2 75.Kf4 bxc3 76.Ke3 Kg8 77.Ba4 Rg2
78.Bb3 Rxg6 79.Bxd5+ Kh8 80.Bb3 Rd6 81.Bc2 Rd2 82.Bb3 Kh7 83.Bc4 Kxh6  0-1

[Event "1st Central Asia Cup"]
[Site "Tashkent UZB"]
[Date "2011.10.26"]
[Round "9.13"]
[White "Anarkulov,A"]
[Black "Gevorgyan,I"]
[Result "0-1"]
[WhiteElo "2254"]
[BlackElo "2122"]

1.e4 c5 2.Nf3 e6 3.d4 cxd4 4.Nxd4 a6 5.Bd3 Nf6 6.O-O Qc7 7.Nc3 Bc5 8.Be3 d6
9.Re1 O-O 10.Qf3 Nbd7 11.Qg3 Ne5 12.Be2 Kh8 13.Rad1 Bb4 14.Bg5 Ned7 15.Bf3 h6
16.Bf4 Ne5 17.Nde2 Kh7 18.Bc1 Bd7 19.a3 Bc5 20.Nf4 Bxa3 21.Nd3 Nxd3 22.Rxd3 Bc5
23.Qh4 Ng8 24.Bf4 Bc6 25.Bd1 e5 26.Be3 Bxe3 27.Rexe3 Rad8 28.Rg3 Qe7 29.Qg4 f5
30.exf5 d5 31.Qg6+ Kh8 32.Bg4 d4 33.Nd1 Be4 34.Rb3 Rf6 35.Qh5 Bxc2 36.Ra3 Qb4
37.h3 Rdf8 38.Kh2 Qd2 39.Ra1 Bxf5 40.Bf3 e4 41.Bg4 g6  0-1

[Event "World Youth U16 Ol"]
[Site "Kocaeli TUR"]
[Date "2011.10.27"]
[Round "6.12"]
[White "Seidl,S"]
[Black "Asgarizadeh,A"]
[Result "0-1"]
[WhiteElo "2144"]
[BlackElo "2228"]

1.e4 c5 2.Nf3 e6 3.d4 cxd4 4.Nxd4 a6 5.Bd3 Nf6 6.Nc3 Qc7 7.O-O d6 8.Qe2 Nbd7
9.f4 b5 10.Kh1 Bb7 11.Bd2 g6 12.e5 Nd5 13.exd6 Qxd6 14.Nxd5 Bxd5 15.Bc3 Rg8
16.a3 Nc5 17.Bb4 Qb6 18.c4 Nxd3 19.cxd5 Nxb4 20.axb4 Qxd4 21.dxe6 Bxb4 22.f5 f6
23.Qf3 Rd8 24.Rfd1 Qb6 25.Rxd8+ Qxd8 26.Rxa6 Qc7 27.Rc6 Qa7 28.Rc1 Ke7 29.Qf4 Bd6
30.Qh6 Kd8 31.Rd1 Qc7 32.Ra1 Qb7 33.Rd1 Qc7 34.Ra1 Qb7 35.Qd2 Ke7 36.Qh6 Ke8
37.Qd2 gxf5 38.Rg1 Ke7 39.Rd1 Qc6 40.Rc1 Rxg2 41.Qh6 Rc2+  0-1

[Event "World Youth U16 Ol"]
[Site "Kocaeli TUR"]
[Date "2011.10.27"]
[Round "6.3"]
[White "Yigit,A"]
[Black "Abdulla,Abdulwahab"]
[Result "0-1"]
[WhiteElo "1729"]
[BlackElo "1763"]

1.e4 c5 2.Nf3 e6 3.d4 cxd4 4.Nxd4 a6 5.Bd3 Nc6 6.Nb3 Qc7 7.Nc3 Bd6 8.h3 Nge7
9.O-O Ng6 10.Ne2 Nf4 11.Be3 Nb4 12.Nxf4 Bxf4 13.Qg4 g5 14.g3 Bxe3 15.fxe3 Qe5
16.Rf2 b6 17.Raf1 h5 18.Qf3 Rh7 19.Nd4 Bb7 20.a3 Nxd3 21.cxd3 d5 22.exd5 Bxd5
23.e4 Qxd4 24.exd5 g4 25.Qe4 Qxe4 26.dxe4 exd5 27.exd5 O-O-O 28.Rxf7 Rxf7
29.Rxf7 Rxd5 30.hxg4 hxg4 31.Rf4 Rd2 32.Rf2 Rd3 33.Kg2 Rb3 34.Rd2 Kc7 35.Kf2 Kc6
36.Kg2 Kc5 37.Kf2 b5 38.Rc2+ Kd4 39.Rd2+ Kc4 40.Rc2+ Kd4 41.Rd2+ Ke4 42.Re2+ Kd3
43.Kf1 Kd4 44.Kf2 Rf3+ 45.Kg2 Kd3 46.Re6 Kc2 47.Rxa6 Kxb2 48.a4 b4 49.Rb6 b3
50.a5 Rf5 51.a6 Ra5 52.Kf2 Ka2 53.Rd6 b2 54.Rd2 Ka1 55.Rd1+  0-1

[Event "19th Skopje Open"]
[Site "Skopje MKD"]
[Date "2011.10.27"]
[Round "4"]
[White "Kacakovski,D"]
[Black "Semsiu,Agim"]
[Result "1-0"]
[WhiteElo "2157"]
[BlackElo "1895"]

1.e4 c5 2.Nf3 e6 3.d4 cxd4 4.Nxd4 a6 5.Bd3 d6 6.c4 Bd7 7.O-O g6 8.Nc3 Bg7
9.Be2 Nc6 10.Nb3 Qc7 11.Be3 b6 12.Rc1 Nge7 13.Nd5 exd5 14.cxd5 Qb7 15.dxc6 Bxc6
16.Qxd6 Rd8 17.Qb4 O-O 18.Qxb6 Qxb6 19.Bxb6 Rd7 20.f3 Bxb2 21.Rc2 Bf6 22.Bxa6 Ra8
23.Bc4 Ba4 24.f4 Nc8 25.Bf2 Bxb3 26.Bxb3 Bd8 27.e5 Kg7 28.e6 fxe6 29.Bxe6 Rc7
30.Rxc7+ Bxc7 31.Rc1 Kf6 32.Bxc8 Rxc8 33.Kf1 Kf5 34.g3 Kg4 35.Bb6 Ra8  1-0